[Event "Banff op"]
[Site "Banff"]
[Date "2023.11.11"]
[Round "4"]
[White "Wu, Nathan Ping Ying"]
[Black "Jackson, Mateo"]
[Result "1-0"]
[WhiteElo "1770"]
[BlackElo "1606"]
[PlyCount "63"]
[EventDate "2023.11.10"]
[EventType "swiss"]
[EventRounds "6"]
[EventCountry "CAN"]
[SourceTitle "CB47_2023"]
[SourceDate "2023.11.22"]
[SourceVersion "1"]
[SourceVersionDate "2023.11.22"]
[SourceQuality "1"]

1. d4 Nf6 2. Bf4 g6 3. Nc3 d5 4. Qd2 Bg7 5. Bh6 0-0 6. Bxg7 Kxg7 7. 0-0-0 c6 8. f3 b5 9. h4 h5 10. e4 dxe4 11. fxe4 a5 12. Nf3 b4 13. e5 Nd5 14. Ne4 a4 15. Be2 b3 16. cxb3 axb3 17. a3 Bf5 18. Nc5 Bc2 19. Ng5 Nc7 20. Rdf1 Nba6 21. Rxf7+ Rxf7 22. Nce6+ Nxe6 23. Nxe6+ Kh7 24. Nxd8 Rxd8 25. Bxa6 Rdf8 26. Bc4 Rf2 27. Qg5 Be4 28. Qxe7+ Kh8 29. Bxb3 Bxg2 30. Re1 R8f3 31. Qe8+ Rf8 32. Qxg6 1-0

[Event "Victoria Grand Pacific op"]
[Site "Victoria"]
[Date "2023.04.07"]
[Round "1"]
[White "Reeve, Jeff"]
[Black "Wu, Nathan Ping Ying"]
[Result "1-0"]
[WhiteElo "2162"]
[BlackElo "1933"]
[PlyCount "97"]
[EventDate "2023.04.07"]
[EventType "swiss"]
[EventRounds "6"]
[EventCountry "CAN"]
[SourceTitle "CBM 213 Extra"]
[Source "ChessBase"]
[SourceDate "2023.05.31"]
[SourceVersion "1"]
[SourceVersionDate "2023.05.31"]
[SourceQuality "1"]

1. e4 d5 2. exd5 Qxd5 3. Nf3 Bg4 4. Nc3 Qe6+ 5. Qe2 Bxf3 6. Qxe6 fxe6 7. gxf3 Nd7 8. Nb5 Kf7 9. Nxc7 Rc8 10. Nb5 a6 11. Nc3 e5 12. d3 Ngf6 13. Bh3 e6 14. Bd2 h6 15. 0-0-0 g5 16. Bg2 b5 17. h4 gxh4 18. Rxh4 h5 19. f4 Rd8 20. Ne4 Nxe4 21. Bxe4 Be7 22. Rh3 Bf6 23. Rdh1 h4 24. f5 Nc5 25. fxe6+ Nxe6 26. Kd1 Ng5 27. Rxh4 Nxe4 28. Rxh8 Nxf2+ 29. Ke2 Rxh8 30. Rxh8 Bxh8 31. Kxf2 Ke6 32. Ke3 Kd5 33. b3 Bf6 34. c4+ Ke6 35. Ke4 Be7 36. b4 Bd8 37. Be1 Be7 38. c5 Bd8 39. Bf2 Bg5 40. Be1 Bd8 41. Bg3 Bf6 42. c6 Kd6 43. c7 Kd7 44. Bxe5 Be7 45. a3 a5 46. bxa5 Bxa3 47. Kd5 b4 48. a6 b3 49. a7 1-0

[Event "Banff op"]
[Site "Banff"]
[Date "2022.11.11"]
[Round "2"]
[White "Wu, Nathan Ping Ying"]
[Black "Arruebarrena Rodriguez, Rafael"]
[Result "0-1"]
[WhiteElo "1718"]
[BlackElo "2109"]
[PlyCount "56"]
[EventDate "2022.11.11"]
[EventType "swiss"]
[EventRounds "6"]
[EventCountry "CAN"]
[SourceTitle "CBM 211 Extra"]
[Source "ChessBase"]
[SourceDate "2023.01.31"]
[SourceVersion "1"]
[SourceVersionDate "2023.01.31"]
[SourceQuality "1"]

1. d4 Nf6 2. Bf4 d5 3. e3 c5 4. dxc5 e6 5. b4 a5 6. c3 Bd7 7. Nd2 axb4 8. cxb4 b6 9. cxb6 Bxb4 10. Bc7 Qe7 11. Ngf3 Ba4 12. Qb1 0-0 13. Qd3 Nbd7 14. Qd4 e5 15. Bxe5 Nxe5 16. Nxe5 Ne4 17. Nef3 Bc3 18. Qxd5 Nxd2 19. Nxd2 Rad8 20. Qc4 Bxa1 21. Bd3 Rc8 22. Qxa4 Rc1+ 23. Ke2 Rxh1 24. Be4 Rd8 25. Qc4 Qd6 26. Qc2 Qxb6 27. Bxh7+ Kh8 28. Qf5 Rxh2 0-1

[Event "Richmond Keres Memorial 46th"]
[Site "Richmond"]
[Date "2022.05.23"]
[Round "5"]
[White "Wu, Nathan Ping Ying"]
[Black "Schulte, Oliver"]
[Result "1/2-1/2"]
[WhiteElo "1793"]
[BlackElo "2353"]
[PlyCount "94"]
[EventDate "2022.05.21"]
[EventType "swiss"]
[EventRounds "6"]
[EventCountry "CAN"]
[SourceTitle "CBM 209 Extra"]
[Source "ChessBase"]
[SourceDate "2022.09.30"]
[SourceVersion "1"]
[SourceVersionDate "2022.09.30"]
[SourceQuality "1"]

1. d4 Nf6 2. Bf4 d5 3. e3 c5 4. dxc5 Nc6 5. Bb5 g6 6. Nf3 Bg7 7. c3 0-0 8. Bxc6 bxc6 9. Nd4 Bd7 10. Be5 Ne4 11. Bxg7 Kxg7 12. 0-0 e5 13. Nb3 Qe7 14. N1d2 Nxc5 15. Nxc5 Qxc5 16. e4 Rab8 17. Nb3 Qd6 18. Qd2 Be6 19. Rfd1 Rfd8 20. Qd3 Qc7 21. exd5 cxd5 22. Qe3 Rb6 23. Rd2 f6 24. h3 Bf7 25. Nc5 a5 26. a3 Ra8 27. Rb1 a4 28. Nd3 Rd6 29. Nb4 Rad8 30. Rbd1 R8d7 31. f4 d4 32. cxd4 exf4 33. Qxf4 Qb6 34. Kh1 Bb3 35. Re1 Rxd4 36. Rxd4 Qxd4 37. Re7+ Bf7 38. Qxd4 Rxd4 39. Ra7 Rd2 40. Rxa4 Rxb2 41. Ra7 Kf8 42. Ra8+ Ke7 43. Ra7+ Ke8 44. Nd3 Rd2 45. Ra8+ Ke7 46. Ra7+ Ke8 47. Ra8+ Ke7 1/2-1/2

[Event "Banff op"]
[Site "Banff"]
[Date "2021.11.12"]
[Round "2"]
[White "Wu, Nathan Ping Ying"]
[Black "MacKinnon, Keith"]
[Result "0-1"]
[WhiteElo "1831"]
[BlackElo "2153"]
[PlyCount "42"]
[EventDate "2021.11.12"]
[EventType "swiss"]
[EventRounds "6"]
[EventCountry "CAN"]
[SourceTitle "CBM 205 Extra"]
[Source "ChessBase"]
[SourceDate "2022.01.31"]
[SourceVersion "1"]
[SourceVersionDate "2022.01.31"]
[SourceQuality "1"]

1. d4 Nf6 2. Bf4 e6 3. e3 c5 4. Nf3 Nc6 5. c3 d5 6. Nbd2 cxd4 7. exd4 Nh5 8. Bg5 f6 9. Bh4 Bd6 10. Ne5 g6 11. Bb5 Qb6 12. Bxc6+ bxc6 13. g4 Nf4 14. Bxf6 0-0 15. Ndc4 dxc4 16. Nxc4 Qb8 17. Be5 Bxe5 18. dxe5 Ba6 19. b3 Bxc4 20. bxc4 Ng2+ 21. Ke2 Qb2+ 0-1

[Event "British Columbia-ch U20"]
[Site "Vancouver"]
[Date "2018.11.10"]
[Round "2.12"]
[White "Qiu, Peter Yong"]
[Black "Wu, Nathan Ping Ying"]
[Result "0-1"]
[WhiteElo "1521"]
[BlackElo "1429"]
[PlyCount "122"]
[EventDate "2018.11.10"]
[EventType "swiss"]
[EventRounds "5"]
[EventCountry "CAN"]
[SourceTitle "EXT 2022"]
[Source "ChessBase"]
[SourceDate "2021.10.06"]
[SourceVersion "1"]
[SourceVersionDate "2021.10.06"]
[SourceQuality "1"]

1. e4 d5 2. exd5 Qxd5 3. Nc3 Qd6 4. d3 c6 5. Nf3 Bg4 6. h3 Bh5 7. Be2 Nf6 8. g4 Bg6 9. Nh4 e6 10. Nxg6 hxg6 11. Be3 Nbd7 12. Qd2 Qc7 13. Bf1 Nxg4 14. Bf4 Bd6 15. Bxd6 Qxd6 16. Ne4 Qc7 17. Qb4 c5 18. Qc3 Qe5 19. Qxe5 Ngxe5 20. Nd6+ Ke7 21. Nxb7 Rab8 22. Bg2 g5 23. 0-0-0 Ng6 24. Na5 Nde5 25. Rhe1 Rbc8 26. Kb1 f6 27. d4 cxd4 28. Rxd4 Nf4 29. Bb7 Rc7 30. Rh1 Rxh3 31. Rxh3 Nxh3 32. f3 Rd7 33. Rxd7+ Kxd7 34. b4 Ng1 35. c4 Ngxf3 36. Nb3 g4 37. Nc5+ Kc7 38. Bxf3 gxf3 39. Ne4 Ng4 40. Kc2 f2 41. Ng3 Ne3+ 42. Kd3 f1Q+ 43. Nxf1 Nxf1 44. a4 g5 45. c5 g4 46. Ke2 Ng3+ 47. Kf2 Nh5 48. b5 g3+ 49. Kg2 e5 50. a5 e4 51. a6 e3 52. Kf1 Nf4 53. c6 Nd5 54. b6+ Nxb6 55. Ke2 g2 56. Kxe3 g1Q+ 57. Ke4 Qg2+ 58. Kf5 Kxc6 59. Kxf6 Nd5+ 60. Kf7 Qg5 61. Ke8 Qe7# 0-1

[Event "British Columbia-ch U20"]
[Site "Vancouver"]
[Date "2018.11.10"]
[Round "1.10"]
[White "Wu, Nathan Ping Ying"]
[Black "Yang, Brian"]
[Result "0-1"]
[WhiteElo "1429"]
[BlackElo "1775"]
[PlyCount "126"]
[EventDate "2018.11.10"]
[EventType "swiss"]
[EventRounds "5"]
[EventCountry "CAN"]
[SourceTitle "EXT 2022"]
[Source "ChessBase"]
[SourceDate "2021.10.06"]
[SourceVersion "1"]
[SourceVersionDate "2021.10.06"]
[SourceQuality "1"]

1. d4 Nf6 2. Bf4 g6 3. Nf3 Bg7 4. e3 0-0 5. h3 c5 6. c3 b6 7. Be2 Bb7 8. 0-0 d5 9. Nbd2 Nc6 10. a3 Nd7 11. Qa4 e5 12. dxe5 Ncxe5 13. Nxe5 Nxe5 14. Nf3 Re8 15. Nxe5 Bxe5 16. Bxe5 Rxe5 17. Rfd1 Qe7 18. Bf3 a6 19. Qb3 Qe6 20. Rd2 c4 21. Qc2 a5 22. Rad1 Bc6 23. Rd4 Ra7 24. R1d2 Rd7 25. Qd1 b5 26. e4 dxe4 27. Rxd7 Bxd7 28. Rd6 Qe8 29. Rxd7 exf3 30. Rd8 Re1+ 31. Kh2 Rxd1 32. Rxe8+ Kg7 33. gxf3 Rd2 34. Kg2 Rxb2 35. Rb8 Rb3 36. Rb7 Rxc3 37. Rxb5 Rxa3 38. Rc5 c3 39. Kf1 Ra1+ 40. Ke2 Ra3 41. Rc7 a4 42. Kd1 Kf6 43. Kc2 Ke6 44. f4 Ra2+ 45. Kxc3 Rxf2 46. Rc4 a3 47. Ra4 a2 48. Kd3 h6 49. Ke3 Rh2 50. Ra6+ Kd5 51. Ra5+ Kc4 52. Ke4 Kb3 53. Ra8 Rxh3 54. Rb8+ Kc2 55. Ra8 Kb2 56. Rb8+ Rb3 57. Ra8 a1Q 58. Rxa1 Kxa1 59. f5 gxf5+ 60. Kxf5 Rg3 61. Kf6 h5 62. Kxf7 h4 63. Ke6 h3 0-1